[Event "Ghent Taminco op 38th"]
[Site "Ghent"]
[Date "2015.07.18"]
[Round "1"]
[White "Vincent, Gwijde"]
[Black "Froeyman, Helmut"]
[Result "0-1"]
[WhiteElo "1794"]
[BlackElo "2278"]
[PlyCount "48"]
[EventDate "2015.07.18"]
[EventType "swiss"]
[EventRounds "9"]
[EventCountry "BEL"]
[SourceTitle "CBM 167 Extra"]
[Source "ChessBase"]
[SourceDate "2015.09.14"]
[SourceVersion "1"]
[SourceVersionDate "2015.09.14"]
[SourceQuality "1"]

1. e4 e5 2. Nf3 Nc6 3. Bc4 Bc5 4. b4 Bxb4 5. c3 Ba5 6. d4 exd4 7. Qb3 Qe7 8. 0-0 Bb6 9. Ba3 d6 10. e5 Na5 11. Qd1 Nxc4 12. Qa4+ Qd7 13. Qxc4 d5 14. Qb4 c5 15. Qb3 d3 16. c4 d4 17. Qxd3 Qf5 18. Qd1 Ne7 19. Nbd2 Bd7 20. Re1 Bc6 21. Rb1 Ng6 22. Qe2 0-0 23. Rb3 Rfe8 24. Ne4 Nf4 0-1

[Event "BEL-ch U20"]
[Site "Blankenberge"]
[Date "2014.04.17"]
[Round "7"]
[White "Harutyunyan, Axel"]
[Black "Vincent, Gwijde"]
[Result "0-1"]
[WhiteElo "1805"]
[BlackElo "1745"]
[PlyCount "112"]
[EventDate "2014.04.??"]
[EventType "swiss"]
[EventRounds "9"]
[EventCountry "BEL"]
[SourceTitle "EXT 2015"]
[Source "ChessBase"]
[SourceDate "2014.11.20"]
[SourceVersion "1"]
[SourceVersionDate "2014.11.20"]
[SourceQuality "1"]

1. e4 e5 2. Nf3 Nc6 3. Bc4 Be7 4. Kf1 Nf6 5. Nc3 0-0 6. h4 Nxe4 7. Bxf7+ Rxf7 8. Nxe4 d5 9. Neg5 Rf8 10. d3 Bg4 11. Qe1 h6 12. Nxe5 Nxe5 13. Qxe5 hxg5 14. hxg5 Qd6 15. Qd4 Qc5 16. Qxc5 Bxc5 17. f3 Rae8 18. c3 Bd6 19. Kf2 Bf5 20. d4 Bd3 21. Be3 Bg3+ 22. Kxg3 Rxe3 23. Rhe1 Rfe8 24. Rxe3 Rxe3 25. Rd1 Bc4 26. Rd2 Bxa2 27. Kf4 Re1 28. b3 Bb1 29. c4 dxc4 30. bxc4 Bg6 31. c5 Kf7 32. Ra2 a6 33. Rb2 Rb1 34. Re2 a5 35. Ke5 Bd3 36. Re3 Bc4 37. d5 Rd1 38. d6 Rd5+ 39. Ke4 cxd6 40. cxd6 Rxd6 41. Rc3 b5 42. f4 Rc6 43. Ke5 b4 44. Rc1 a4 45. f5 a3 46. g6+ Ke7 47. Kd4 a2 48. g4 Kf6 49. Ke3 Bd5 50. Rd1 Rc3+ 51. Kd4 Bf3 52. Re1 Bxg4 53. Ra1 Rc2 54. Kd3 Bxf5+ 55. Kd4 b3 56. Ke3 b2 0-1

[Event "Enschede op-B U16"]
[Site "Enschede"]
[Date "2009.08.07"]
[Round "8"]
[White "Van Osch, Mees"]
[Black "Vincent, Gwijde"]
[Result "1-0"]
[WhiteElo "1776"]
[BlackElo "1393"]
[PlyCount "53"]
[EventDate "2009.08.03"]
[EventType "swiss"]
[EventRounds "9"]
[EventCountry "NED"]
[SourceTitle "CBM 132 Extra"]
[Source "ChessBase"]
[SourceDate "2009.11.03"]
[SourceVersion "1"]
[SourceVersionDate "2009.11.03"]
[SourceQuality "1"]

1. e4 e5 2. Nf3 Nc6 3. c3 Be7 4. d4 d6 5. d5 Nb8 6. Bd3 c6 7. c4 Bg4 8. Nc3 Nf6 9. b4 Qc7 10. Be3 cxd5 11. Nxd5 Nxd5 12. cxd5 Bxf3 13. gxf3 Qc3+ 14. Ke2 0-0 15. Rb1 Qc8 16. Rc1 Qd7 17. a4 a6 18. Qb3 b5 19. a5 Qb7 20. Kd2 Nd7 21. Bf1 f5 22. Rc6 Rac8 23. Bh3 f4 24. Bb6 Kh8 25. Rhc1 Rxc6 26. dxc6 Qa8 27. Bxd7 1-0

[Event "Enschede op-B U16"]
[Site "Enschede"]
[Date "2009.08.05"]
[Round "5"]
[White "Vincent, Gwijde"]
[Black "Edens, Maike"]
[Result "0-1"]
[WhiteElo "1393"]
[BlackElo "1865"]
[PlyCount "48"]
[EventDate "2009.08.03"]
[EventType "swiss"]
[EventRounds "9"]
[EventCountry "NED"]
[SourceTitle "CBM 132 Extra"]
[Source "ChessBase"]
[SourceDate "2009.11.03"]
[SourceVersion "1"]
[SourceVersionDate "2009.11.03"]
[SourceQuality "1"]

1. e4 c5 2. Nf3 e6 3. g3 Nc6 4. Bg2 d6 5. 0-0 Nf6 6. Re1 Qc7 7. c3 Be7 8. d4 cxd4 9. cxd4 0-0 10. Nc3 a6 11. b3 b5 12. Qc2 Bb7 13. d5 Nb4 14. Qd2 exd5 15. a3 Nxe4 16. Nxe4 dxe4 17. Nd4 Nd3 18. Re2 d5 19. Rb1 Bf6 20. Nf5 Rac8 21. Bb2 Nxb2 22. Rxb2 Bxb2 23. Qxb2 Qc1+ 24. Bf1 Qxb2 0-1

[Event "Enschede op-B U16"]
[Site "Enschede"]
[Date "2009.08.04"]
[Round "3"]
[White "Vincent, Gwijde"]
[Black "Weimar, Marco"]
[Result "1-0"]
[WhiteElo "1393"]
[BlackElo "1100"]
[PlyCount "42"]
[EventDate "2009.08.03"]
[EventType "swiss"]
[EventRounds "9"]
[EventCountry "NED"]
[SourceTitle "CBM 132 Extra"]
[Source "ChessBase"]
[SourceDate "2009.11.03"]
[SourceVersion "1"]
[SourceVersionDate "2009.11.03"]
[SourceQuality "1"]

1. e4 e5 2. Nf3 Nc6 3. Bc4 Bc5 4. 0-0 d6 5. c3 Bg4 6. h3 Bxf3 7. Qxf3 Nf6 8. d4 exd4 9. cxd4 Nxd4 10. Qd3 0-0 11. b4 Bb6 12. a4 c5 13. a5 Bc7 14. Bb2 Re8 15. Nc3 cxb4 16. Qxd4 Bxa5 17. Rxa5 b6 18. Raa1 Rc8 19. Rxa7 Rf8 20. Kh1 Qe8 21. Re1 b5 1-0

[Event "BEL-ch U16"]
[Site "Houffalize"]
[Date "2009.04.14"]
[Round "2"]
[White "Van de Moortel, Soraya"]
[Black "Vincent, Gwijde"]
[Result "0-1"]
[WhiteElo "1754"]
[BlackElo "1305"]
[PlyCount "70"]
[EventDate "2009.04.13"]
[EventType "swiss"]
[EventRounds "9"]
[EventCountry "BEL"]
[SourceTitle "EXT 2012"]
[Source "ChessBase"]
[SourceDate "2011.11.24"]
[SourceVersion "1"]
[SourceVersionDate "2011.11.24"]
[SourceQuality "1"]

1. e4 e5 2. d4 exd4 3. Nf3 c5 4. Bc4 Be7 5. Ne5 d5 6. Bxd5 Be6 7. Bxe6 fxe6 8. Qh5+ g6 9. Nxg6 Nf6 10. Qh3 Rg8 11. Nf4 Nbd7 12. Nxe6 Qb6 13. Nd2 Ne5 14. Nb3 Neg4 15. Ng5 c4 16. Nd2 c3 17. Nc4 Qc5 18. Qd3 b5 19. Na3 a6 20. Ne6 cxb2 21. Bxb2 Qb4+ 22. Ke2 Kf7 23. Qb3 Qxb3 24. axb3 Kxe6 25. Bxd4 Rac8 26. c4 Bxa3 27. Rxa3 Ra8 28. c5 Nxe4 29. f3 Rac8 30. Rxa6+ Kf5 31. fxg4+ Kxg4 32. Be3 Nc3+ 33. Kf2 Rgf8+ 34. Bf4 Rxf4+ 35. Ke3 Re4+ 0-1

[Event "BEL-ch U16"]
[Site "Houffalize"]
[Date "2009.04.14"]
[Round "3"]
[White "Vincent, Gwijde"]
[Black "Comhaire, Cedric"]
[Result "0-1"]
[WhiteElo "1305"]
[BlackElo "1394"]
[PlyCount "66"]
[EventDate "2009.04.13"]
[EventType "swiss"]
[EventRounds "9"]
[EventCountry "BEL"]
[SourceTitle "EXT 2012"]
[Source "ChessBase"]
[SourceDate "2011.11.24"]
[SourceVersion "1"]
[SourceVersionDate "2011.11.24"]
[SourceQuality "1"]

1. e4 c6 2. d4 d5 3. e5 Bf5 4. Nf3 e6 5. Bd3 Bxd3 6. Qxd3 Ne7 7. Bg5 Qb6 8. b3 Nf5 9. Nc3 c5 10. Nxd5 exd5 11. Qxf5 Qe6 12. Qxe6+ fxe6 13. 0-0 Nc6 14. c3 cxd4 15. Nxd4 Nxd4 16. cxd4 Bb4 17. Rac1 Ba5 18. Rfd1 0-0 19. Bd2 Bb6 20. Be3 Rac8 21. h3 h6 22. Kf1 Rcd8 23. Rc2 Kh7 24. Rdd2 g5 25. g3 Rf3 26. Kg2 Rf7 27. f4 Ba5 28. Re2 Rg7 29. Kf3 Rf8 30. Kg4 h5+ 31. Kxh5 gxf4 32. Bxf4 Rf5+ 33. Kh4 Bd8+ 0-1

[Event "BEL-ch U16"]
[Site "Houffalize"]
[Date "2009.04.13"]
[Round "1"]
[White "Vincent, Gwijde"]
[Black "Deschepper, Annelore"]
[Result "0-1"]
[WhiteElo "1305"]
[BlackElo "1694"]
[PlyCount "60"]
[EventDate "2009.04.13"]
[EventType "swiss"]
[EventRounds "9"]
[EventCountry "BEL"]
[SourceTitle "EXT 2012"]
[Source "ChessBase"]
[SourceDate "2011.11.24"]
[SourceVersion "1"]
[SourceVersionDate "2011.11.24"]
[SourceQuality "1"]

1. e4 e6 2. d4 d5 3. e5 c5 4. c3 Qb6 5. b3 Nc6 6. Ne2 Nge7 7. Bb2 Nf5 8. g3 Be7 9. Bg2 0-0 10. 0-0 cxd4 11. cxd4 f6 12. f4 Ne3 13. Qd2 Nxf1 14. Kxf1 fxe5 15. dxe5 Bd7 16. Bxd5 Nb4 17. Bc4 Rad8 18. Bd4 Qc6 19. Kg1 Bc5 20. Nbc3 Bc8 21. Rd1 b6 22. a3 Bb7 23. Bxe6+ Qxe6 24. axb4 Qc6 25. Kf1 Qh1+ 26. Kf2 Qxh2+ 27. Ke3 Bxd4+ 28. Nxd4 Qxg3+ 29. Ke2 Bf3+ 30. Kf1 Bxd1 0-1